Statistics for Top 15 Celebrities Born In 1933&1932

Click here to take the quiz!

General Stats

  • This quiz has been taken 94 times
  • The average score is 6 of 15

Answer Stats

Answer% Correct
Gene Wilder
79%
Michael Caine
74%
Willie Nelson
68%
Little Richard
63%
Elizabeth Taylor
56%
Joan Rivers
52%
James Brown
41%
Carol Burnett
38%
Johnny Cash
36%
Casey Kasem
30%
John Williams
22%
Conway Twitty
21%
Debbie Reynolds
21%
Roy Scheider
21%
Patsy Cline
16%

Score Distribution

Percentile by Number Answered

Percent of People with Each Score

Your Score History

You have not taken this quiz